Normal view
MARC view
- الميزانية -- مؤتمرات -- السياسة المالية -- مؤتمرات ط1
Entry Topical Term
001 - CONTROL NUMBER
- control field: 32914
003 - CONTROL NUMBER IDENTIFIER
- control field: JO-AjAnu
005 - DATE AND TIME OF LATEST TRANSACTION
- control field: 20230606075528.0
008 - FIXED-LENGTH DATA ELEMENTS
- fixed length control field: 230606|| aca||aabn | a|a d
040 ## - CATALOGING SOURCE
- Original cataloging agency: JO-AjAnu
- Transcribing agency: JO-AjAnu
150 ## - HEADING--TOPICAL TERM
- Topical term or geographic name entry element: الميزانية -- مؤتمرات -- السياسة المالية -- مؤتمرات ط1
670 ## - SOURCE DATA FOUND
- Source citation: Work cat.: (JO-AjAnu)16909: ندوة موازنة الأداء والبرامج (1997 : القاهرة), author 32913, أوراق ووقائع ندوة موازنة الأداء والبرامج